|
|
|
|
| LEADER |
01291nam a22003614a 4500 |
| 001 |
EBC243022 |
| 003 |
MiAaPQ |
| 005 |
20200520144314.0 |
| 006 |
m o d | |
| 007 |
cr cn||||||||| |
| 008 |
050311s2005 nyu sb 001 0 eng |
| 010 |
|
|
|z 2005007239
|
| 016 |
7 |
|
|z 013185600
|2 Uk
|
| 020 |
|
|
|z 0814472427
|
| 035 |
|
|
|a (MiAaPQ)EBC243022
|
| 035 |
|
|
|a (Au-PeEL)EBL243022
|
| 035 |
|
|
|a (CaPaEBR)ebr10120197
|
| 035 |
|
|
|a (CaONFJC)MIL112685
|
| 035 |
|
|
|a (OCoLC)935227976
|
| 040 |
|
|
|a MiAaPQ
|c MiAaPQ
|d MiAaPQ
|
| 050 |
|
4 |
|a HF5389
|b .L36 2005
|
| 082 |
0 |
4 |
|a 395.5/2
|2 22
|
| 100 |
1 |
|
|a Langford, Beverly Y.,
|d 1942-
|
| 245 |
1 |
4 |
|a The etiquette edge
|h [electronic resource] :
|b the unspoken rules for business success /
|c Beverly Y. Langford.
|
| 260 |
|
|
|a New York :
|b AMACOM,
|c c2005.
|
| 300 |
|
|
|a xiii, 192 p.
|
| 504 |
|
|
|a Includes bibliographical references (p. 181-186) and index.
|
| 533 |
|
|
|a Electronic reproduction. Ann Arbor, MI : ProQuest, 2015. Available via World Wide Web. Access may be limited to ProQuest affiliated libraries.
|
| 650 |
|
0 |
|a Business etiquette.
|
| 650 |
|
0 |
|a Success in business.
|
| 655 |
|
4 |
|a Electronic books.
|
| 710 |
2 |
|
|a ProQuest (Firm)
|
| 856 |
4 |
0 |
|u https://ebookcentral.proquest.com/lib/matrademy/detail.action?docID=243022
|z Click to View
|